| 000 | 01565nam a2200373 c 4500 | ||
|---|---|---|---|
| 999 |
_c193565 _d193565 |
||
| 003 | BLK | ||
| 005 | 20241219085731.0 | ||
| 008 | 180411b bul|||||r ||||||| ||bul|| | ||
| 010 | _aKNG00202780000 | ||
| 040 | _aBLK | ||
| 041 |
_aBUL _cBUL |
||
| 072 | 7 |
_2bullib _aА _xФонд Михаил Арнаудов |
|
| 080 |
_aЛитература в основното училище. Методика на обучението _b373.3.016:821 _x(082)(075.2) _z373.3.016:821(082)(075.2) |
||
| 139 |
_aГеоргиев, Любен Томов _bГ 37 |
||
| 245 | 1 | 0 |
_aХристоматия _bЗа ІІІ кл. на прогимназиите _cсъстав. Любен Томов Георгиев. |
| 257 | _aBGR | ||
| 260 |
_bХристо Г. Данов _c1937 |
||
| 300 |
_a144 с. _bс ил., портр. _c24 см |
||
| 380 | _a3 | ||
| 490 |
_9396381 _aЧастна колекция - Академик Михаил Арнаудов _gДарение - Основен фонд |
||
| 500 | _aМека подв., неразрязана | ||
| 650 | 7 |
_aЛитература - христоматии - учебници за основни училища _2 _9160542 |
|
| 653 | _aхристоматии | ||
| 653 | _aІІІ кл. | ||
| 659 | _aА | ||
| 700 | 1 |
_aГеоргиев, Любен Томов _eсъстав. _9385194 |
|
| 852 | _aМА 1284 | ||
| 856 | 4 | _qpdf | |
| 856 | 4 | _qpdf | |
| 942 |
_cKNG _n0 _s1 |
||
| 944 |
_aCR _c13.03.2017 _k30560 _lГеновева Генчева |
||
| 944 |
_aED _c13.03.2017 _kГеновева_Генчева |
||
| 999 | _d193565 | ||